00593nam a2200193Ia 4500008004100000020000700041082001200048100002100060245002700081250000700108260004100115300002500156500001900181600003300200650001200233942000700245952013200252999001500384240925s9999 xx 000 0 und d aNA a530 HAL aHalliday , David 0aFundamental of Physics aNA aNew York:bJohn Wiley & Sonsc,1994. aVarious pagesb4fNA aIncludes Index aHumanities & Natural Science aPhysics cBK 011440708HUMaUITUbUITUd1995-02-09eParamount Book Pvt Ltdg333.02l0o530 HALpQ0137r2024-09-25 07:11:57w2024-09-25yBK c2636d2636